000 00285nam a22001337a 4500
008 170315b xxu||||| |||| 00| 0 eng d
020 _a0881678007
041 _aeng
080 _a611
100 _a7
101 _aSHM
245 _aMRI OF THE SHOULDER
_cZLATKIN.M.B
942 _2udc
_cBK
999 _c7832
_d7832